000 00753nam a22002295i 4500
001 48787
003 ES-MaACL
005 20241215155620.0
007 t|
008 950731s1895 xxu ||||1| spa d
040 _aCAM
_bspa
_cCAM
100 1 _aDíez de la Cortina, R.
_944705
245 1 3 _aEl Indiano
_b: comedia en tres actos y en prosa en inglés y en español... /
_cpor R. D. de la Cortina.
250 _a6ª ed.
260 _aNew York :
_bR.D. Cortina,
_c1895.
300 _a[43] h. ;
_c19 cm.
546 _aTexto en español e inglés.
650 0 4 _aLengua inglesa-
_vMaterial didáctico.
_914281
852 _aES-MaACL
_jT-1116-F-3
_z.- Enc. en un vol. facticio conservando la cub. original
942 _2udc
999 _c48787
_d48787